000 01414nam a22003257a 4500
005 20080929101452.0
008 080929t xxu||||| |||| 00| 0chin d
010 _aHIN-92156
020 _a9788177112474
_c500.00
035 _aHN-64502
037 _bDBAD / PUB
040 _aDPL
_bHN
082 _a371.4
100 _926640
245 _aशैक्षिक व व्यावसायिक निर्देशन /
_cसुरेन्द्र कुमार सहारण....आदि
246 _aShekshik va vevasaik Nirdeshan
_bby Surender kumar saharan...etc.
260 _aजयपुर
_bसाहित्यागार
_c2011
270 _a958, धामाणी मार्केट की गली, चौडां रास्ता,
_bजयपुर
300 _a312पृ.
_c22सेमी (सजिल्द)
650 _9697
650 _926793
650 _926674
650 _9698
700 _926643
_aशर्मा, स्वराज
700 _aशर्मा, मोहिनीमोहन
_926798
700 _aतिवारी, महेश कुमार
_926799
710 _926662
942 _2ddc
_cHN
_h371.4
_mशैक्षिक
999 _c51249
_d51249